| 000 | 00882cam a22003138a 4500 | ||
|---|---|---|---|
| 999 |
_c1113 _d1113 |
||
| 001 | 13658601 | ||
| 003 | OSt | ||
| 005 | 20191126110520.0 | ||
| 008 | 040719s2005 stk 001 0 eng | ||
| 010 | _a 2004055921 | ||
| 020 | _a0723433216 | ||
| 035 | _a(DNLM)101224887 | ||
| 040 |
_aDNLM/DLC _cDLC |
||
| 042 | _apcc | ||
| 050 | 0 | 0 |
_aRC681 _b.S778 2005 |
| 060 | 1 | 0 |
_aWG 120 _bS741 2005 |
| 082 | 0 | 0 |
_aWG100 S32h 2005 _222 |
| 100 |
_aEdited by Purcell, Henry J.; Paul R. Kalra. _913082 |
||
| 245 | 0 | 0 | _aSpecialist Training in Cardiology |
| 260 |
_aEdinburgh ; _bMosby, _c2005. |
||
| 263 | _a0501 | ||
| 300 |
_ap. ; _ccm. |
||
| 500 | _aIncludes index. | ||
| 650 | 0 |
_aHeart diagnosis _93033 |
|
| 650 | 0 |
_aCardiology. _93034 |
|
| 906 |
_a7 _bcbc _corignew _d1 _eocip _f20 _gy-gencatlg |
||
| 942 |
_2z _cSLOAN |
||